000
00475nam a2200181Ia 4500
008
100917s9999 xx 000 0 und d
082
_b
22242
100
_a
भावे पुरूषोत्तम भास्कर
245
_a
वैरी
260
_b
सुविचार प्रकाशन
_c
1962
300
_a
139
365
_b
4
520
_a
कथा
630
_a
वैरी
650
_a
कथा
730
_a
वैरी
942
_c
BOOK
999
_c
627636
_d
627633